Les petits bougres au manege

Uloženo v:
Podrobná bibliografie
Korporativní autor: Cahiers Gkc
Médium: Kniha
Jazyk:angličtina
Vydáno: Cahiers GKC 1989
Tagy: Přidat tag
Žádné tagy, Buďte první, kdo vytvoří štítek k tomuto záznamu!

MARC

LEADER 00000nam a2200000 4500
005 20240918190537.0
008 240731b |||||||| |||| 00| 0 eng d
020 |a 978-2908050011 
040 |c GP 
110 |a Cahiers Gkc 
245 |a Les petits bougres au manege 
260 |b Cahiers GKC  |c 1989 
942 |2 ddc  |c BK  |n 0 
952 |0 0  |1 0  |2 ddc  |4 0  |6 843_000000000000000_CAH  |7 1  |9 1733  |a RM  |b RM  |d 2024-07-31  |l 0  |o 843 CAH  |p 516  |r 2024-07-31 18:30:00  |w 2024-07-31  |y BK 
999 |c 1549  |d 1549